00588nam a2200157 a 450000100100000000500170001000800410002702000150006804000250008310000240010824501470013226000460027930000360032550400320036171000370039300004234220201002040106.0131127s2003 sp ac 000 0 spa d a8481812730 aDO-SdBNPbspacBNPHU1 aBrachetti, Ángela13aEl año en Fiestas :bla convivencia con los dioses en los Andes del Péru, textoy fotografías deÁngela Brachetti /cÁngela Brachetti. a[Madrid] :bMinisterio de Cultura,c2003. a260 p. :bil., retrs. ;c32 cm. aBibliografía : p. 255-2602 aMinisterio de Cultura (España)